LIBRARY & INFORMATION CENTRE, KCAET, TAVANUR

ONLINE PUBLIC ACCESS CATALOGUE (OPAC)

Bahirakashathilekku / (Record no. 393)

MARC details
000 -LEADER
fixed length control field 00461cam a2200181ua 4500
041 ## - LANGUAGE CODE
Language code of text/sound track or separate title eng
082 ## - DEWEY DECIMAL CLASSIFICATION NUMBER
Classification number 551.566
Item number WOO/BA
100 ## - MAIN ENTRY--AUTHOR NAME
Personal name Woodbury, David O .
245 ## - TITLE STATEMENT
Title Bahirakashathilekku /
260 ## - PUBLICATION, DISTRIBUTION, ETC. (IMPRINT)
Place of publication Kollam :
Name of publisher Sri Ramavilasam Press & Book Depot ,
Year of publication 1965.
300 ## - PHYSICAL DESCRIPTION
Number of Pages 296 ; .
942 ## - ADDED ENTRY ELEMENTS (KOHA)
Koha item type Books
Holdings
Withdrawn status Lost status Damaged status Home library Current library Date acquired Full call number Accession Number Koha item type Public note
Withdrawn     KAUAET KAUAET 07/04/2012 551.566 8889 Books  
Withdrawn     KAUAET Sanskrit University 07/04/2012 551.566 8717 Books Transferred to Sanskrit University
free website counter